[Event "7th Philadelphia Open"]
[Site "Philadelphia USA"]
[Date "2013.03.28"]
[Round "2"]
[White "Ostrovskiy,Al"]
[Black "Fishbein,A"]
[Result "1-0"]
[WhiteElo "2379"]
[BlackElo "2504"]

1.e4 c5 2.Nf3 d6 3.Bb5+ Bd7 4.Bxd7+ Nxd7 5.O-O Ngf6 6.Qe2 e6 7.b3 Be7 8.Bb2 O-O
9.c4 Re8 10.d4 cxd4 11.Nxd4 Qb6 12.Nc2 Rac8 13.Nc3 Ne5 14.Rab1 a6 15.Kh1 Qc5
16.f4 Ng6 17.a4 Qh5 18.Qxh5 Nxh5 19.g3 Nf6 20.Ne3 Nf8 21.Kg2 N8d7 22.Kf3 Nc5
23.Ba1 b6 24.g4 Nfd7 25.g5 f6 26.h4 Rf8 27.Ke2 Nb8 28.f5 fxg5 29.b4 Nb7 30.fxe6 Rce8
31.Ncd5 Rxf1 32.Rxf1 Bf8 33.Nc7 Rc8 34.Ned5 Nc6 35.b5 axb5 36.cxb5 Ne7 37.Nxe7+ Bxe7
38.Nd5 Re8 39.Rf7  1-0

[Event "7th Philadelphia Open"]
[Site "Philadelphia USA"]
[Date "2013.03.28"]
[Round "3"]
[White "Defibaugh,J"]
[Black "Kreiman,B"]
[Result "0-1"]
[WhiteElo "2287"]
[BlackElo "2482"]

1.e4 c5 2.Nf3 d6 3.Bb5+ Nd7 4.d4 Nf6 5.Nc3 cxd4 6.Qxd4 e5 7.Qd3 h6 8.Be3 Be7
9.Nd2 O-O 10.Nc4 Qc7 11.Bxd7 Bxd7 12.a4 Be6 13.Na3 Qc6 14.O-O d5 15.exd5 Nxd5
16.Nc4 Nf4 17.Bxf4 Bxc4 18.Qe3 Bxf1 19.Rxf1 exf4 20.Qxe7 f3 21.Rd1 Rfe8 22.Qh4 Qg6
23.Qg3 Qxc2 24.Qxf3 Rad8 25.Nd5 Qxb2 26.g3 Qe5 27.Rd3 Kf8 28.Rd1 Qe2 29.Qa3+ Kg8
30.Rd4 Kh8 31.Kg2 Qe5 32.Qd3 Rd6 33.Qd2  0-1

[Event "40th La Roda Open"]
[Site "La Roda ESP"]
[Date "2013.03.29"]
[Round "4.17"]
[White "Plaskett,J"]
[Black "Donado Mazarron Gomez,M"]
[Result "1-0"]
[WhiteElo "2516"]
[BlackElo "2098"]

1.e4 c5 2.Nf3 d6 3.Bb5+ Nd7 4.O-O Nf6 5.Re1 e6 6.c3 Be7 7.d4 cxd4 8.cxd4 O-O
9.Nc3 a6 10.Bd3 b5 11.e5 Nd5 12.Nxd5 exd5 13.Bc2 Re8 14.Bf4 dxe5 15.dxe5 Nf8
16.Nd4 Bc5 17.Qd3 Qb6 18.Be3 Rxe5 19.b4 Rxe3 20.fxe3 Bxb4 21.Rf1 Bg4 22.Rf4 Bh5
23.Nf5 Bc5 24.Qxd5 Rd8 25.Qe5 f6 26.Qc3 b4 27.Bb3+ Kh8 28.Qc4 Nd7 29.Qe6 Qxe6
30.Bxe6 Ne5 31.Nd4 Rd6 32.Bb3 g5 33.Rff1 Ng4 34.Rfc1 Bb6 35.Rc8+ Rd8 36.Rac1 Rxc8
37.Rxc8+ Kg7 38.Rg8+  1-0

[Event "40th La Roda Open"]
[Site "La Roda ESP"]
[Date "2013.03.29"]
[Round "5.7"]
[White "Espinosa Aranda,A"]
[Black "Arribas Lopez,A"]
[Result "1/2-1/2"]
[WhiteElo "2414"]
[BlackElo "2478"]

1.e4 c5 2.Nf3 d6 3.Bb5+ Nd7 4.O-O a6 5.Bxd7+ Bxd7 6.d4 cxd4 7.Qxd4 Nf6 8.Bg5 h6
9.Bxf6 gxf6 10.Nc3 Rg8 11.Rfe1 Bg7 12.Qd3 Rc8 13.Nd4 Rc5 14.Nf5 Bf8 15.Nd5 Rg6  1/2-1/2

[Event "6th Montalvo Open"]
[Site "Las Palmas ESP"]
[Date "2013.03.29"]
[Round "6.16"]
[White "Padilla Socorro,J"]
[Black "Uta,Ad"]
[Result "0-1"]
[WhiteElo "1753"]
[BlackElo "2053"]

1.e4 c5 2.Nf3 d6 3.Bb5+ Nd7 4.Nc3 a6 5.Bxd7+ Bxd7 6.d3 Nf6 7.h3 e5 8.O-O Be7
9.Nh2 O-O 10.f4 exf4 11.Bxf4 b5 12.Nf3 Bc6 13.Qd2 b4 14.Ne2 Ne8 15.Rae1 Bf6
16.e5 dxe5 17.Nxe5 Bxe5 18.Bxe5 Bxg2 19.Bxg7 Bxf1 20.Bxf8 Bxe2 21.Qh6 Qd4+
22.Kh2 Qf2+  0-1

[Event "ch-Moscow 2013"]
[Site "Moscow RUS"]
[Date "2013.03.29"]
[Round "7.6"]
[White "Mozharov,M"]
[Black "Vorobiov,E"]
[Result "1/2-1/2"]
[WhiteElo "2523"]
[BlackElo "2578"]

1.e4 c5 2.Nf3 d6 3.Bb5+ Nd7 4.d4 Nf6 5.Nc3 cxd4 6.Qxd4 e5 7.Qd3 h6 8.Be3 Be7
9.O-O O-O 10.Bc4 a6 11.a4 Qa5 12.Nh4 Nc5 13.Bxc5 Qxc5 14.Bb3 Rd8 15.Rad1 Bg4
16.Rd2 Nh5 17.h3 Bxh4 18.hxg4 Nf4 19.Qf3 Bg5 20.Rdd1 g6 21.Nd5 Nxd5 22.Rxd5 Qc7
23.g3 Kg7 24.Kg2 Rac8 25.Rfd1 Qe7 26.R1d3 Rc6 27.Qd1 Qc7 28.Rf3 Rd7 29.Rfd3 Rd8
30.Qe2 Rc5 31.Rf3 Rd7 32.Rxc5 dxc5 33.Bd5 a5 34.Qb5 b6 35.Rd3 Rd6 36.Rf3 Bf6
37.Rb3 Bg5 38.Qe2 Qd7 39.Rb5 Rf6 40.c3 Qe7 41.b4 cxb4 42.cxb4 axb4 43.Qb2 Qc7
44.Rxb4 Bc1 45.Qe2 Ba3 46.Rb3 Bc5 47.Rf3  1/2-1/2

[Event "ch-Moscow 2013"]
[Site "Moscow RUS"]
[Date "2013.03.29"]
[Round "7.5"]
[White "Stukopin,A"]
[Black "Moskalenko,A"]
[Result "1-0"]
[WhiteElo "2500"]
[BlackElo "2459"]

1.e4 c5 2.Nf3 d6 3.Bb5+ Nc6 4.O-O Bd7 5.Re1 Nf6 6.h3 a6 7.Bf1 Ne5 8.Nxe5 dxe5
9.a4 e6 10.b3 b5 11.Bb2 bxa4 12.Bxe5 Bc6 13.Nc3 Nd7 14.Bg3 axb3 15.cxb3 Bb7
16.Nd5 e5 17.Bc4 Bd6 18.Qg4 Kf8 19.Bh4 Qe8 20.Re3 Qe6 21.Qf3 Qg6 22.Rd3 f6
23.Nxf6 gxf6 24.Rxd6 Bxe4 25.Qg4 Bf5 26.Qxg6 hxg6 27.Bxf6 Nxf6 28.Rxf6+ Kg7
29.Rf7+ Kh6 30.g4 Bc8 31.Re1 Kg5 32.Rxe5+ Kh4 33.Kh2 a5 34.Ree7 a4 35.f4 Bxg4
36.hxg4 a3 37.Be2 Rh5 38.Re3  1-0

[Event "40th La Roda Open"]
[Site "La Roda ESP"]
[Date "2013.03.30"]
[Round "6.5"]
[White "Espinosa Aranda,A"]
[Black "Popovic,Du"]
[Result "0-1"]
[WhiteElo "2414"]
[BlackElo "2562"]

1.e4 c5 2.Nf3 d6 3.Bb5+ Bd7 4.Bxd7+ Qxd7 5.O-O Nf6 6.Re1 Nc6 7.c3 e6 8.d4 cxd4
9.cxd4 d5 10.e5 Ne4 11.Nbd2 Nxd2 12.Bxd2 Be7 13.Rc1 O-O 14.Rc3 Rfc8 15.Qe2 Nb4
16.a3 Rxc3 17.Bxc3 Na6 18.Rc1 Rc8 19.Bd2 Rxc1+ 20.Bxc1 Qc6 21.Be3 b5 22.Qd1 Nb8
23.h3 h6 24.Qc1 Qc4 25.b3 Qxc1+ 26.Bxc1 Nc6 27.g3 h5 28.Kf1 Na5 29.Nd2 b4
30.a4 h4 31.g4 Bg5 32.Ke2 Bxd2 33.Bxd2 Nxb3 34.Bxb4 Nxd4+ 35.Kd3 Nf3 36.Bd6 g5
37.Be7 Nxe5+ 38.Ke2 Ng6 39.Bxg5 e5 40.a5 a6 41.Bf6 Kf8 42.Kd3 Ke8 43.Kc3 Kd7
44.Kb4 Kd6 45.Bd8 Nf4 46.Bxh4 Nxh3 47.Bg3 Nf4 48.Bh4 Ne6 49.Bg3 Nd8 50.f4 Nc6+
51.Ka4 exf4 52.Bxf4+ Kc5  0-1

[Event "40th La Roda Open"]
[Site "La Roda ESP"]
[Date "2013.03.30"]
[Round "7.5"]
[White "Ramiro Ovejero,J"]
[Black "Cabrera,Ale"]
[Result "1/2-1/2"]
[WhiteElo "2368"]
[BlackElo "2529"]

1.e4 c5 2.Nf3 d6 3.Bb5+ Nc6 4.Bxc6+ bxc6 5.O-O Bg4 6.d3 e5 7.Nbd2 Nf6 8.h3 Bh5
9.Re1 Be7 10.Nf1 Nd7 11.Ng3 Bg6 12.c3 O-O 13.d4 Qc7 14.dxe5 dxe5 15.Nf5 Bxf5
16.exf5 Rfe8 17.Bg5 Rab8 18.Qc2 f6 19.Be3 Qb7 20.Red1 Red8 21.Qb3+ Qxb3 22.axb3 Rb7
23.Ra6 Nb8 24.Rxd8+ Bxd8 25.Ra4 Be7 26.Nd2 Nd7 27.Nc4 Kf7 28.f4 exf4 29.Bxf4 Nb6
30.Nxb6 axb6 31.Ra8 Rd7 32.Rc8 Rd5 33.Rxc6 Rxf5 34.Bd6 Bxd6  1/2-1/2

[Event "ch-Moscow 2013"]
[Site "Moscow RUS"]
[Date "2013.03.30"]
[Round "8.8"]
[White "Moskalenko,A"]
[Black "Antipov,M2"]
[Result "1/2-1/2"]
[WhiteElo "2459"]
[BlackElo "2473"]

1.e4 c5 2.Nf3 d6 3.Bb5+ Nd7 4.d4 cxd4 5.Qxd4 a6 6.Bxd7+ Bxd7 7.c4 Nf6 8.Nc3 e6
9.O-O Be7 10.Bg5 h6 11.Be3 O-O 12.e5 dxe5 13.Nxe5 Be8 14.Qxd8 Rxd8 15.Rfd1 Rc8
16.Rac1 Bc6 17.Bb6 Rfe8 18.f3 Bd8 19.Rxd8 Rexd8 20.Bxd8 Rxd8 21.Nxc6 bxc6
22.Rd1 Rxd1+ 23.Nxd1 Kf8 24.Kf2 Ke7 25.Ke3 c5 26.Nf2 Nd7 27.h4 f5 28.Nd3 Kd6
29.b3 a5 30.Kf4 g6 31.Ke3 e5 32.g4 Nf6 33.Nf2 Ke6 34.a3 Kd6 35.gxf5 gxf5
36.Nd3 Nd7 37.b4 axb4 38.axb4 cxb4 39.Nxb4 Kc5 40.Nd5 Nb6 41.Ne7 Nxc4+ 42.Kd3 Nd6
43.h5 f4 44.Ng8 e4+ 45.fxe4 Nf7 46.e5 Kd5 47.e6 Kxe6 48.Ke4  1/2-1/2

[Event "Mexico International Open"]
[Site "Puebla MEX"]
[Date "2013.03.30"]
[Round "8.7"]
[White "Arribas Robaina,M"]
[Black "Leon Hoyos,M"]
[Result "1-0"]
[WhiteElo "2321"]
[BlackElo "2582"]

1.e4 c5 2.Nf3 d6 3.Bb5+ Nd7 4.O-O a6 5.Bxd7+ Bxd7 6.c3 Nf6 7.Re1 c4 8.e5 dxe5
9.Nxe5 Be6 10.b3 Rc8 11.Na3 cxb3 12.axb3 g6 13.c4 Bg7 14.d4 O-O 15.Nc2 Qc7
16.Bb2 Rfd8 17.Qe2 Nh5 18.Qf3 Nf6 19.Rac1 Nd7 20.h3 Nxe5 21.dxe5 Qb6 22.Qc3 Qc7
23.Qe3 Bd7 24.Bd4 Re8 25.Bb6 Qb8 26.Rcd1 Bc6 27.Nb4 e6 28.Rd4 Bf8 29.Nd3 Re7
30.Rh4 Rd7 31.Nc5 Re7 32.b4 Ree8 33.b5 axb5 34.cxb5 Be7 35.bxc6 Bxh4 36.Nd7 Qa8
37.Qh6  1-0

[Event "e2e4 Dublin Masters"]
[Site "Dublin IRL"]
[Date "2013.03.31"]
[Round "7"]
[White "Aoustin,A"]
[Black "Courtney,John"]
[Result "1-0"]
[WhiteElo "2130"]
[BlackElo "2005"]

1.e4 c5 2.Nf3 d6 3.Bb5+ Bd7 4.Bxd7+ Qxd7 5.O-O Nc6 6.c3 Nf6 7.d4 Nxe4 8.d5 Ne5
9.Re1 Nxf3+ 10.Qxf3 Nf6 11.c4  1-0

[Event "Pobeskydi Open 2013"]
[Site "Frydek-Mistek CZE"]
[Date "2013.03.31"]
[Round "7"]
[White "Richterova,Natasa"]
[Black "Bacak Ml.,P"]
[Result "1-0"]
[WhiteElo "1952"]
[BlackElo "2018"]

1.e4 c5 2.Nf3 d6 3.Bb5+ Bd7 4.Bxd7+ Qxd7 5.c4 Nc6 6.Nc3 g6 7.d4 cxd4 8.Nxd4 Bg7
9.Be3 Nf6 10.O-O O-O 11.f3 a6 12.a4 Na5 13.b3 e6 14.Rc1 Rac8 15.Nde2 Qc7
16.Kh1 Nd7 17.Bg1 Rfd8 18.f4 f5 19.exf5 gxf5 20.Rf3 Kh8 21.Nd4 Nf8 22.Rh3 Nc6
23.Nf3 Bf6 24.Nd5 exd5 25.cxd5 Qf7 26.dxc6 bxc6 27.Nd4 Bxd4 28.Bxd4+ Kg8
29.Rg3+ Ng6 30.Qf3 c5 31.Bg1 Rb8 32.Rd1 Rb4 33.Bxc5 Re4 34.Bg1 Kf8 35.Rd4 d5
36.Rxe4 fxe4 37.Qe3 Qxf4 38.Qc5+ Kg8 39.Qb6 Qd6 40.Qd4 Re8 41.Qd2 Kf7 42.Qf2+ Qf6
43.Qa7+ Re7 44.Qc5 Rd7 45.Qe3 Qf4 46.Qd4 Qe5 47.Qf2+ Ke6 48.Qb6+ Qd6 49.Qd4 Qe5
50.Qb6+ Rd6 51.Qb8 Kf7 52.Qa7+ Qe7 53.Qf2+ Rf6 54.Qd2 Ke6 55.Rc3 Kf7 56.Qxd5+ Kg7
57.Bd4 Ne5 58.Qxe5  1-0

[Event "7th Philadelphia Open"]
[Site "Philadelphia USA"]
[Date "2013.03.31"]
[Round "9"]
[White "Ostrovskiy,Al"]
[Black "Jayakumar,A"]
[Result "0-1"]
[WhiteElo "2379"]
[BlackElo "2294"]

1.e4 c5 2.Nf3 d6 3.Bb5+ Nd7 4.d4 cxd4 5.Qxd4 a6 6.Bxd7+ Bxd7 7.c4 Rc8 8.O-O e5
9.Qd3 Qc7 10.b3 b5 11.Na3 Qb7 12.Re1 h6 13.Bd2 Nf6 14.cxb5 axb5 15.Bb4 Ra8
16.Nc2 Ra6 17.a3 Be7 18.Nd2 O-O 19.Ne3 Be6 20.Rad1 Rd8 21.Nf5 Bf8 22.Qf3 Kh7
23.h3 d5 24.Bxf8 Rxf8 25.exd5 Bxd5 26.Qd3 g6 27.Ne3 Be6 28.Nc2 Bf5 29.Qc3 Rc8  0-1

[Event "e2e4 Dublin Masters"]
[Site "Dublin IRL"]
[Date "2013.04.01"]
[Round "9"]
[White "Aoustin,A"]
[Black "O'Rourke,R"]
[Result "1-0"]
[WhiteElo "2130"]
[BlackElo "2026"]

1.e4 c5 2.Nf3 d6 3.Bb5+ Bd7 4.Bxd7+ Nxd7 5.O-O Ngf6 6.Qe2 g6 7.c4 Bg7 8.Nc3 O-O
9.d4 cxd4 10.Nxd4 Rc8 11.Rd1 Ne5 12.b3 a6 13.Bb2 Qb6 14.Rac1 e6 15.Na4 Qa7
16.Nc2 Ne8 17.Ba3 f5 18.Bxd6 Nxd6 19.Rxd6 fxe4 20.Qe3 Qb8 21.Rxe6 Nd3 22.Rf1 Be5
23.f3 Bxh2+ 24.Kh1 Qg3 25.Rxe4 Nf4 26.Qf2 Nh5 27.Nd4 Qxf2 28.Rxf2 Ng3+ 29.Kxh2 Nxe4
30.Re2 Ng5 31.Re7 Rf7 32.Re5 h6 33.Nb6 Rd8 34.Nd5 Kf8 35.f4 Rxf4 36.Nxf4 Rxd4
37.Rxg5 Rxf4 38.Rxg6 Rf2 39.Rxh6 Rxa2 40.Rb6 a5 41.Rxb7 Rb2 42.Rb5  1-0

[Event "Bundesliga 2012-13"]
[Site "Schwetzingen GER"]
[Date "2013.04.05"]
[Round "13"]
[White "Heidrich,Man"]
[Black "Berndt,S"]
[Result "0-1"]
[WhiteElo "2296"]
[BlackElo "2443"]

1.e4 c5 2.Nf3 d6 3.Bb5+ Bd7 4.Bxd7+ Qxd7 5.O-O Nc6 6.Qe2 g6 7.Rd1 Bg7 8.c3 Nf6
9.d4 cxd4 10.cxd4 O-O 11.Nc3 d5 12.e5 Ne8 13.Be3 Nc7 14.Qd2 Ne6 15.Bh6 f6
16.Re1 f5 17.Ne2 f4 18.Bxg7 Kxg7 19.Rf1 g5 20.Ne1 Qc7 21.Rd1 Qb6 22.Kh1 Qa6
23.Nd3 Qxa2 24.Nc5 Nxc5 25.dxc5 Qc4 26.Rc1 Qe4 27.Nc3 Qf5 28.Qxd5 Rad8 29.Qe4 Rd4
30.Qxf5 Rxf5 31.Rfe1 Nxe5 32.Rcd1 Rxd1 33.Rxd1 Ng4 34.Kg1 Rxc5 35.h4 Nf6
36.hxg5 Rxg5 37.Rd8 Rc5 38.Rb8 Rc7 39.Kf1 e5 40.f3 a6 41.Ke2 Kf7 42.Rd8 Rc6
43.Kd3 Ke6 44.Rf8 b5 45.Rb8 Nd7 46.Rh8 Nc5+ 47.Kd2 b4 48.Na2 a5 49.Rxh7 Kd5
50.Nc1 Kc4 51.Re7 Nb3+  0-1

[Event "Bundesliga 2012-13"]
[Site "Schwetzingen GER"]
[Date "2013.04.06"]
[Round "14"]
[White "Jansa,Vl"]
[Black "Grandelius,N"]
[Result "0-1"]
[WhiteElo "2451"]
[BlackElo "2593"]

1.e4 c5 2.Nf3 d6 3.Bb5+ Nd7 4.d4 cxd4 5.Qxd4 a6 6.Bxd7+ Bxd7 7.Nc3 Rc8 8.O-O e5
9.Qd3 h6 10.b3 Nf6 11.Bb2 Be7 12.a4 O-O 13.Rfe1 Qc7 14.Nd2 b5 15.axb5 axb5
16.Rec1 Qb7 17.b4 Bc6 18.Re1 Rfd8 19.Nb3 Qb8 20.Na5 Ba8 21.Nd5 Nxd5 22.exd5 Re8
23.Rad1 Bd8 24.f4 Bb6+ 25.Kf1 exf4 26.Rxe8+ Rxe8 27.Qc3 f6 28.Nc6 Qc7 29.Re1 Qd7
30.Qf3 Rxe1+ 31.Kxe1 Qe8+ 32.Kd1 Be3 33.Bc1 Bxc1 34.Kxc1 g5 35.Kb2 Kg7 36.c3 Qe1
37.Nd4 Qe5 38.Nc6 Qe3 39.Qg4 Qd2+ 40.Kb1 Qd3+ 41.Kb2 f5 42.Qh5 Qd2+ 43.Kb1 Qxd5
44.Nd4 Qe4+ 45.Kb2 Qxg2+ 46.Kc1 Qe4 47.Qd1 f3 48.Qd2 f4 49.Nxb5 Qe3 50.Nxd6 Kg6
51.Nc4 Qg1+ 52.Kc2 Qg2  0-1

[Event "TCh-CZE Div1 Zapad 2012-13"]
[Site "Czech Republic CZE"]
[Date "2013.04.07"]
[Round "10.7"]
[White "Boukal,P"]
[Black "Kucera,P3"]
[Result "0-1"]
[WhiteElo "2221"]
[BlackElo "2202"]

1.e4 c5 2.Nf3 d6 3.Bb5+ Bd7 4.a4 Nc6 5.O-O Nf6 6.Re1 e6 7.b3 Be7 8.Bb2 a6
9.Bf1 O-O 10.Nc3 e5 11.d3 Nd4 12.Nxd4 cxd4 13.Ne2 d5 14.Ng3 Bb4 15.Re2 Re8
16.Bc1 Bc3 17.Rb1 dxe4 18.dxe4 b5 19.Bd2 Bxd2 20.Rxd2 bxa4 21.c3 dxc3 22.Rd3 Rc8
23.Qc2 Qa5 24.b4 Qc7 25.Rc1 Qb7 26.Rxc3 Rxc3 27.Qxc3 Rc8 28.Qd2 Rxc1 29.Qxc1 h6
30.Qc3 Nxe4 31.Nxe4 Qxe4 32.h3 Qb1 33.f4 Bb5 34.Kh2 Bxf1 35.Qc8+ Kh7  0-1

[Event "Bundesliga 2012-13"]
[Site "Schwetzingen GER"]
[Date "2013.04.07"]
[Round "15"]
[White "Heidrich,Man"]
[Black "Babula,V"]
[Result "1/2-1/2"]
[WhiteElo "2296"]
[BlackElo "2585"]

1.e4 c5 2.Nf3 d6 3.Bb5+ Nd7 4.O-O a6 5.Bxd7+ Bxd7 6.d4 cxd4 7.Qxd4 Rc8 8.Nc3 e5
9.Qd3 h6 10.Rd1 Nf6 11.a4 Be7 12.Be3 O-O 13.a5 Be6 14.Bb6 Qd7 15.Rac1 Rc6
16.Qe2 Bc4 17.Qe1 Qc8 18.Nd2 Be6 19.Nf1 Nd7 20.Ne3 Nxb6 21.axb6 Bg5 22.Ncd5 Bxd5
23.Nxd5 Re8 24.Rb1 Rxc2 25.Rd3 Rc4 26.Nc7 Rf8 27.Rxd6 Be7 28.Rdd1 Bc5 29.Nd5 Qg4
30.h3 Qxe4 31.Qxe4 Rxe4 32.Kf1 Rd4 33.b4 Rxd1+ 34.Rxd1 Bd4 35.Rc1 Rd8 36.Ne7+ Kf8
37.Rc7 Bxb6 38.Rxb7 Bd4 39.Nc6 Rc8 40.Nxd4 exd4 41.Rb6 d3 42.Ke1 Rc2 43.Rxa6 Re2+
44.Kf1 Rb2 45.Ke1 Re2+  1/2-1/2

[Event "15th Dubai Open 2013"]
[Site "Dubai UAE"]
[Date "2013.04.08"]
[Round "2.3"]
[White "Ankit,R"]
[Black "Edouard,R"]
[Result "0-1"]
[WhiteElo "2421"]
[BlackElo "2670"]

1.e4 c5 2.Nf3 d6 3.Bb5+ Nd7 4.d4 cxd4 5.Qxd4 a6 6.Bxd7+ Bxd7 7.O-O e5 8.Qd3 h6
9.c4 b5 10.Nfd2 Nf6 11.Nc3 Qb8 12.a4 bxa4 13.Nxa4 Be7 14.Nc3 O-O 15.Rd1 Rc8
16.Nf1 Bg4 17.f3 Be6 18.Ne3 Ra7 19.Kh1 Bf8 20.Ned5 Bxd5 21.Nxd5 Nxd5 22.cxd5 a5
23.Bd2 a4 24.Bc3 Qc7 25.Ra3 g6 26.Rda1 Qc4 27.Qxc4 Rxc4 28.Bd2 Rb7 29.Bc3 Ra7
30.Bd2 Rc2 31.Bc3 Be7 32.Kg1 Bg5 33.Rxa4 Be3+ 34.Kf1 Rf2+ 35.Ke1 Rd7 36.Ra8+ Kh7
37.R1a6 g5 38.Rc8 Rxg2 39.Rcc6 Bc5 40.b4 Rb7 41.Kf1 Rf2+ 42.Ke1 Rxh2 43.Ra4 h5
44.Bd2 g4 45.fxg4 hxg4 46.Kd1 g3  0-1

[Event "15th Dubai Open 2013"]
[Site "Dubai UAE"]
[Date "2013.04.08"]
[Round "2.15"]
[White "Khukhashvili,S"]
[Black "Parligras,M"]
[Result "0-1"]
[WhiteElo "2386"]
[BlackElo "2602"]

1.e4 c5 2.Nf3 d6 3.Bb5+ Nc6 4.d4 cxd4 5.Qxd4 Bd7 6.Bxc6 Bxc6 7.Bg5 Nf6 8.Bxf6 gxf6
9.Nc3 e6 10.O-O-O Rg8 11.Rhg1 Be7 12.Qe3 Qa5 13.Kb1 O-O-O 14.Nd4 Kb8 15.Qh6 Rh8
16.Qg7 Qh5 17.Qg3 Rhg8 18.Qe3 Bd7 19.g3 Rc8 20.Rd3 Qxh2 21.f4 Qh5 22.f5 Rc5
23.a4 a6 24.Nb3 Re5 25.Qb6 Rc8 26.Rxd6 Bxd6 27.Qxd6+ Rc7 28.g4 Qg5 29.Rd1 Qxg4
30.Rd4 Qg8 31.Rb4 Bc6 32.Nd4 Qe8 33.Rb6 Bd7 34.Rb4 Bc6 35.Rb6 Kc8 36.Qb4 Bxe4
37.fxe6 fxe6 38.Ndb5 Bxc2+ 39.Kxc2 axb5 40.axb5 Qe7 41.Rd6 Rd5  0-1

[Event "20th TCh-RUS 2013"]
[Site "Loo RUS"]
[Date "2013.04.08"]
[Round "2"]
[White "Mamedov,Rau"]
[Black "Dominguez Perez,L"]
[Result "1/2-1/2"]
[WhiteElo "2662"]
[BlackElo "2723"]

1.e4 c5 2.Nf3 d6 3.Bb5+ Bd7 4.Bxd7+ Qxd7 5.O-O Nf6 6.Qe2 Nc6 7.Rd1 g5 8.c3 g4
9.Nh4 O-O-O 10.d4 d5 11.e5 Ne4 12.Nd2 Nxd2 13.Bxd2 cxd4 14.b4 d3 15.Qxd3 Bg7
16.Bf4 Nxe5 17.Qe3 Nc4 18.Qxa7 e5 19.Bg5 f6 20.Be3 Rhe8 21.a4 Re6 22.b5 b6
23.Qa8+ Kc7 24.Qa7+ Kc8 25.Qa8+ Kc7 26.Qa7+ Kc8 27.Qa8+  1/2-1/2

[Event "Open Golden Island Krk"]
[Site "Malinska CRO"]
[Date "2013.04.08"]
[Round "4.15"]
[White "Slamar,V"]
[Black "Tica,Sven"]
[Result "0-1"]
[WhiteElo "2171"]
[BlackElo "1957"]

1.e4 c5 2.Nf3 d6 3.Bb5+ Bd7 4.Bxd7+ Qxd7 5.c4 Nc6 6.O-O g6 7.Nc3 Bg7 8.Re1 Nf6
9.Rb1 O-O 10.a3 Ng4 11.d3 a6 12.Nd5 Rab8 13.Bd2 b5 14.cxb5 Rxb5 15.Bc3 Rfb8
16.d4 cxd4 17.Nxd4 Qa7 18.Nxc6 Qxf2+ 19.Kh1 Qh4 20.Ncxe7+ Kf8 21.Bxg7+ Kxg7
22.Qd4+ f6 23.h3 Rxb2 24.Rbc1 Qg3 25.Qg1 Nf2+ 26.Qxf2 Rxf2 27.Rg1 Rbb2  0-1

[Event "Open Golden Island Krk"]
[Site "Malinska CRO"]
[Date "2013.04.08"]
[Round "4.6"]
[White "Bajlo,K"]
[Black "Videnova,I"]
[Result "1/2-1/2"]
[WhiteElo "2118"]
[BlackElo "2329"]

1.e4 c5 2.Nf3 d6 3.Bb5+ Nd7 4.O-O a6 5.Be2 Ngf6 6.d3 e5 7.c3 Be7 8.Nbd2 O-O
9.Re1 Qc7 10.d4 b5 11.Bd3 Nb6 12.Nf1 Re8 13.Ng3 h6 14.h3 Bf8 15.Be3 Bb7 16.d5 Nbxd5
17.exd5 e4 18.Bg5 exd3 19.Bxf6 Rxe1+ 20.Nxe1 gxf6 21.Qxd3 c4 22.Qf5 Qc8 23.Qh5 Bg7
24.Nf5 Qf8 25.Rd1 Re8 26.Nc2 Re5 27.Nce3 Re4 28.Qf3 Re5 29.Rd4 Kh7 30.Rg4 Bh8
31.Rh4 Bg7 32.Qg4 Bc8 33.Qf3 Bxf5 34.Nxf5 Qc8 35.Rf4 Bf8 36.g4 a5 37.Ne3 Bg7
38.h4 Qb7 39.Rf5 Kg8 40.Rf4 Re8 41.Re4 Re5 42.Rf4 Qb8 43.Kg2 Qb7 44.a3 a4
45.Rf5 Qe7 46.Rxe5 fxe5 47.Nf5 Qf6 48.Qe4 Bf8 49.Kg3 Qd8 50.Qe3 Qa8 51.Nxh6+ Bxh6
52.Qxh6 Qxd5 53.Qg5+ Kh7 54.Qh5+ Kg8 55.Qg5+ Kh7 56.Qh5+ Kg8  1/2-1/2

[Event "ch-ISR 2013"]
[Site "Acre ISR"]
[Date "2013.04.09"]
[Round "4.16"]
[White "Katzir,M"]
[Black "Shvayger,Y"]
[Result "0-1"]
[WhiteElo "2201"]
[BlackElo "2273"]

1.e4 c5 2.Nf3 d6 3.Bb5+ Bd7 4.Bxd7+ Qxd7 5.O-O Nf6 6.Qe2 Nc6 7.Rd1 g6 8.c3 Qg4
9.Re1 Ne5 10.Qb5+ Qd7 11.Qe2 Bg7 12.d4 Nxf3+ 13.Qxf3 cxd4 14.cxd4 d5 15.e5 Ng8
16.Nc3 e6 17.Bg5 h6 18.Bf6 Kf8 19.Bxg7+ Kxg7 20.a4 Ne7 21.a5 Nf5 22.Qd3 Rac8
23.g4 Nh4 24.f4 Rc4 25.Rf1 h5 26.h3 Qe7 27.Rf2 Qb4 28.Ne2 Rcc8 29.Raf1 Rh7
30.f5 gxf5 31.gxf5 Nxf5 32.Rxf5 exf5 33.Qxf5 Rg8 34.Kh1 Kh8 35.Qf6+ Rhg7
36.Qh6+ Rh7 37.Qf6+ Rhg7 38.e6 fxe6 39.Nf4 Kh7 40.Qh4 Rf8 41.Qxh5+ Kg8 42.Qe5 Qe7
43.Rc1 Qh4 44.Qxe6+ Kh7 45.Nxd5 Qxd4 46.Re1 Qf2 47.Qe4+ Kh8 48.Ne7 Rf4 49.Qe2 Rg1+
50.Rxg1 Qxe2 51.Ng6+ Kh7 52.Nxf4 Qf3+ 53.Rg2 Qxf4 54.h4 Qc1+ 55.Kh2 Qc7+
56.Kh3 Qxa5 57.Rf2 Kg6 58.Kg4 Qh5+ 59.Kg3 Qe5+ 60.Kg4 Qe4+ 61.Kg3 Kh5 62.Rf4 Qe3+
63.Rf3 Qe1+ 64.Kg2 Kxh4  0-1

[Event "23rd ch-SLO 2013"]
[Site "Sentjur SLO"]
[Date "2013.04.09"]
[Round "4.8"]
[White "Pirs,M2"]
[Black "Gombac,Jan"]
[Result "1-0"]
[WhiteElo "2057"]
[BlackElo "2272"]

1.e4 c5 2.Nf3 d6 3.Bb5+ Nd7 4.O-O Nf6 5.Re1 a6 6.Bf1 b6 7.d3 e6 8.c3 Bb7
9.h3 Qc7 10.Bf4 Be7 11.Nbd2 O-O 12.a4 b5 13.Qc2 Nb6 14.axb5 axb5 15.b3 Nfd7
16.Bg3 Bf6 17.Bh4 Bxh4 18.Nxh4 d5 19.g3 Rfc8 20.Bg2 d4 21.f4 e5 22.Rxa8 Rxa8
23.cxd4 exd4 24.Ndf3 Qd8 25.Nf5 Ra3 26.Ng5 h6 27.Nxf7 Kxf7 28.Nd6+ Kg8 29.Nxb7 Qe7
30.e5 c4 31.dxc4 bxc4 32.bxc4 Rxg3 33.c5 Nd5 34.Qf2 Qh4 35.Qa2 Kh8 36.Qxd5 Rxg2+
37.Kxg2 Qxe1 38.Qxd7 Qe2+ 39.Kg3 Qe3+ 40.Kg4 Qe2+ 41.Kf5 d3 42.Kg6 Qe4+ 43.f5 Qg2+
44.Kf7 Kh7 45.Nd8 d2 46.f6 Qg6+ 47.Kf8 d1=Q 48.Qxd1 Qf5 49.Qg4  1-0

[Event "ch-ISR 2013"]
[Site "Acre ISR"]
[Date "2013.04.10"]
[Round "5.13"]
[White "Svoisky,D"]
[Black "Steinberg,N"]
[Result "1-0"]
[WhiteElo "2227"]
[BlackElo "2425"]

1.e4 c5 2.Nf3 d6 3.Bb5+ Nd7 4.d4 Nf6 5.Nc3 cxd4 6.Qxd4 e5 7.Qd3 h6 8.a4 a6
9.Bc4 Be7 10.O-O Nc5 11.Qe2 Be6 12.Bxe6 Nxe6 13.Rd1 Qc7 14.a5 Rc8 15.Ra4 O-O
16.Be3 Nd7 17.Nd5 Qd8 18.Rb4 Bg5 19.Nxg5 Nxg5 20.Bxg5 Qxg5 21.Rxb7 Nc5 22.Ne7+ Kh7
23.Nxc8 Nxb7 24.Nb6 Nc5 25.b4 Ne6 26.Qxa6 f5 27.Qe2 Nf4 28.Qf3 Qg6 29.exf5 Rxf5
30.Kh1 Qf7 31.Qe4 Ng6 32.f3 Rf4 33.Qd5 Qf5 34.a6 Rxb4 35.a7 Nf4 36.Qd2  1-0

[Event "15th Dubai Open 2013"]
[Site "Dubai UAE"]
[Date "2013.04.10"]
[Round "4.8"]
[White "Kryvoruchko,Y"]
[Black "Al Sayed,Mohamad"]
[Result "1-0"]
[WhiteElo "2668"]
[BlackElo "2517"]

1.e4 c5 2.Nf3 d6 3.Bb5+ Nc6 4.O-O Bd7 5.Re1 Nf6 6.c3 a6 7.Bf1 Bg4 8.h3 Bxf3
9.Qxf3 g6 10.d3 Bg7 11.Be3 O-O 12.Nd2 b5 13.Qd1 Nd7 14.Nf3 Qb8 15.d4 Rd8
16.a4 Qb7 17.axb5 axb5 18.Qb3 Rdb8 19.Qc2 b4 20.d5 Na5 21.Nd2 Qc8 22.f4 c4
23.Bf2 Qc7 24.Ra4 bxc3 25.bxc3 Nc5 26.Ra3 Ncb3 27.Nf3 Nb7 28.Rxa8 Rxa8 29.e5 Ra4
30.h4 Qa5 31.Bxc4 N3c5 32.Bf1 Rxf4 33.exd6 Nxd6 34.Rxe7 Bxc3 35.Bg3 Rf6 36.h5 Nf5
37.Re8+ Kg7 38.Bf2 Qb4 39.Rc8 Nd4 40.Qd1 Nxf3+ 41.gxf3 Nb3 42.Rc4  1-0

[Event "15th Dubai Open 2013"]
[Site "Dubai UAE"]
[Date "2013.04.11"]
[Round "5.13"]
[White "Grover,S"]
[Black "Ganguly,S"]
[Result "0-1"]
[WhiteElo "2467"]
[BlackElo "2623"]

1.e4 c5 2.Nf3 d6 3.Bb5+ Nd7 4.O-O a6 5.Bxd7+ Bxd7 6.d4 cxd4 7.Qxd4 Rc8 8.Nc3 e5
9.Qb4 b5 10.a4 bxa4 11.Qb7 h6 12.Be3 Rb8 13.Qxa6 Nf6 14.Ba7 Qc8 15.Qa5 Qd8
16.Qa6 Qc8 17.Qa5 Qd8 18.Qxd8+ Rxd8 19.Ne1 Rc8 20.f3 Rc4 21.g3 Be7 22.Ng2 a3
23.Rxa3 d5 24.Ne3 Rc8 25.Ncxd5 Nxd5 26.exd5 Bxa3 27.bxa3 Rc3 28.f4 exf4 29.Rxf4 O-O
30.a4 Re8 31.Kf2 Ra3 32.c4 Rxa4 33.Bd4 f5 34.Kg2 g5 35.Rf2 Re4 36.Rd2 f4
37.gxf4 gxf4 38.Nc2 Ra2 39.Kf3 Rxc2 40.Rxc2 Rxd4 41.c5 h5 42.d6 Bc6+ 43.Kf2 Kf7
44.Re2 Re4 45.Ra2 Ke6 46.Ra6 Bb7 47.Rb6 Bc8 48.Rb8 Bd7 49.Rh8 Re5 50.Rh6+ Kd5
51.Kf3 Rf5 52.Rh7 Bc6  0-1

[Event "15th Dubai Open 2013"]
[Site "Dubai UAE"]
[Date "2013.04.11"]
[Round "5.18"]
[White "Michalik,P"]
[Black "Hemant,S2"]
[Result "1-0"]
[WhiteElo "2535"]
[BlackElo "2253"]

1.e4 c5 2.Nf3 d6 3.Bb5+ Nd7 4.d4 a6 5.Bxd7+ Bxd7 6.O-O e6 7.Nc3 Ne7 8.Bg5 Qc7
9.d5 h6 10.Bh4 g5 11.Bg3 Ng6 12.dxe6 fxe6 13.e5 dxe5 14.Qd3 Kf7 15.Nxe5+ Nxe5
16.Bxe5 Qxe5 17.Qxd7+ Be7 18.Rfe1 Qd6 19.Qxb7 Rab8 20.Qf3+ Bf6 21.Rad1 Qf4
22.Qh5+ Kg8 23.Rxe6  1-0

[Event "ch-ISR 2013"]
[Site "Acre ISR"]
[Date "2013.04.12"]
[Round "7.16"]
[White "Katzir,M"]
[Black "Steinberg,N"]
[Result "0-1"]
[WhiteElo "2201"]
[BlackElo "2425"]

1.e4 c5 2.Nf3 d6 3.Bb5+ Nd7 4.O-O a6 5.Be2 Ngf6 6.d3 b5 7.Re1 Bb7 8.Bf1 e5
9.Nbd2 g6 10.c3 Bg7 11.d4 cxd4 12.cxd4 exd4 13.Nxd4 O-O 14.N4b3 Re8 15.a4 Qb6
16.a5 Qa7 17.Bd3 Re7 18.Nf1 Rae8 19.Be3 Qa8 20.f3 d5 21.Nc5 dxe4 22.Nxb7 Qxb7
23.fxe4 Nxe4 24.Qf3 f5 25.Qd1 Kh8 26.Bc2 Bxb2 27.Bd4+ Bxd4+ 28.Qxd4+ Nef6
29.Rxe7 Rxe7 30.Rd1 Qc7 31.Qb2 Ne5 32.h3 Kg7 33.Qb4 Nc6 34.Qc5 Nxa5 35.Qxc7 Rxc7
36.Rd2 Nc4 37.Re2 Nd5 38.Re6 a5 39.Ra6 Nb4  0-1